| 000 | 00463nam a2200109Ia 4500 | ||
|---|---|---|---|
| 008 | 160909s9999 xx 000 0 und d | ||
| 100 | _aBurns, Jacqueline | ||
| 245 | _aCritical Skills for Supervisors of Information Technology Project Managers in Government: An Interpretative Phenomenological Analysis Case Study | ||
| 260 |
_bRobert Morris University. _c2016 |
||
| 650 | _aFINANCIAL MANAGEMENT | ||
| 856 | _uhttp://pqdtopen.proquest.com/doc/1793940500.html?FMT=ABS | ||
| 999 |
_c304573 _d304573 |
||